Geography Quiz

Random Geography or City Quiz

Top 30 Cities of Ireland on a Map Quiz Stats

 Plays Quiz Updated Jun 25, 2019

Support Sporcle.
Go Orange.
Score 0/30 Timer 10:00
16 Plays Today
% Correct
Dublin
98.9%
Cork
93.8%
Galway
81.3%
Limerick
78.7%
Waterford
74.1%
Kilkenny
64.2%
Wexford
60.9%
Sligo
60.7%
Dundalk
49%
Tralee
48.4%
Ennis
48.4%
Bray
48.1%
Drogheda
46.8%
Carlow
42.3%
Athlone
40.2%
% Correct
Naas
39.2%
Navan
39%
Letterkenny
39%
Swords
36.6%
Port Laoise
28.1%
Mullingar
28%
Clonmel
26.8%
Newbridge
25.1%
Tullamore
24.5%
Greystones
22.7%
Balbriggan
15.7%
Malahide
14.3%
Celbridge
14%
Leixlip
12.9%
Carrigaline
10.2%

You're not logged in!

Compare scores with friends on all Sporcle quizzes.
OR
Log In

From the Vault

Year-Round Minefield Blitz

by Purple_Parrot

September 9th is the most common birthday in the US. That doesn't help with this quiz, but it's interesting.
Remove Ads.
Support Sporcle.
Get the best of Sporcle when you Go Orange. This ad-free experience offers more features, more stats, and more fun while also helping to support Sporcle. Thank you for becoming a member.

Show Comments

Extras

Top Quizzes Today


Score Distribution

Your Account Isn't Verified!

In order to create a playlist on Sporcle, you need to verify the email address you used during registration. Go to your Sporcle Settings to finish the process.

Report this User

Report this user for behavior that violates our Community Guidelines.

Details: